[Event "Zagreb open 2019."]
[Site "Zagreb, Croatia"]
[Date "2019.12.08"]
[Round "3.7"]
[White "Kovacevic, Blazimir"]
[Black "Sai Agni Jeevitesh, J"]
[Result "1/2-1/2"]
[WhiteElo "2453"]
[BlackElo "2301"]

1. Nf3 Nf6 2. g3 d5 
3. Bg2 e6 4. O-O Be7
5. d4 
O-O 6. c4 c6 7. b3 
b6 8. Nc3 Bb7 9. Bb2
Nbd7 10.
e3 Bd6 
11. Qe2 Qe7 12. e4 Ba3 
13. Bxa3 Qxa3 14. Ne5 Nxe5
15. dxe5 Nxe4 16. Nxe4 
dxe4 17. Bxe4 Rfd8 18. Rfd1
Qe7 19.
Qf3 Qc7 
20. Qf4 c5 21. Rd6 Rxd6 
22. exd6 Qd7 23. Bxb7 Qxb7
24. Rd1 
Qd7 25. h4 Re8 26. h5 
e5 27. Qf3 e4 28. Qf4
h6 29.
Kg2 Kf8 
30. Rd5 Re6 31. Qg4 f6 
32. Qf4 Ke8 33. Kf1 Kd8
34. a4 
a5 35. Ke2 Kc8 36. Ke3 
Re8 37. Ke2 Kb7 38. Ke3
Kc8 39.
g4 Kb7 
40. Qf5 Kc6 41. Qxd7+ Kxd7 
42. Kf4 Re6 43. Ke3 Re8
44. Kf4 
Re6 45. Ke3 1/2-1/2

[Event "Zagreb open 2019."]
[Site "Zagreb, Croatia"]
[Date "2019.12.08"]
[Round "3.8"]
[White "Peng, Hongchi"]
[Black "Plenca, Jadranko"]
[Result "0-1"]
[WhiteElo "2271"]
[BlackElo "2453"]

1. e4 e5 2. Nf3 Nc6 
3. Bc4 Bc5 4. c3 Nf6
5. d4 
exd4 6. e5 d5 7. Bb5 
Ne4 8. cxd4 Bb6 9. O-O
O-O 10.
h3 Ne7 
11. Nc3 f5 12. Na4 c6 
13. Nxb6 axb6 14. Bd3 Ng6
15. Bd2 
f4 16. Bb4 Rf7 17. Re1 
Bf5 18. Rc1 Rc8 19. Bb1
c5 20.
Ba3 Rd7 
21. Nd2 Nh4 22. Nxe4 dxe4 
23. Qb3+ Kh8 24. Kh1 Rxd4
25. Rg1 
Qd7 26. Qxb6 Bxh3 27. e6 
Bxe6 28. Rxc5 Rxc5 29. Qxc5
f3 30.
g4 Ng6 
31. Qh5 Nf4 32. Qe5 Nh3 
33. Rf1 Rd1 34. Qb8+ Bg8
35. Rxd1 Qxd1+ 36. Kh2 
Nxf2 37. Bf8 Nxg4+ 38. Kg3
Qg1+ 39.
Kh4 Nh6 
0-1

[Event "Zagreb open 2019."]
[Site "Zagreb, Croatia"]
[Date "2019.12.08"]
[Round "3.9"]
[White "Dinev, Dejan"]
[Black "Smith, Bryan"]
[Result "0-1"]
[WhiteElo "2223"]
[BlackElo "2428"]

1. d4 Nf6 2. Nf3 g6 
3. g3 Bg7 4. Bg2 O-O
5. O-O 
d6 6. b3 b5 7. Nfd2 
c6 8. a4 b4 9. a5
Bb7 10.
Bb2 Na6 
11. Nc4 Rb8 12. Nbd2 c5 
13. e4 d5 14. exd5 Nxd5
15. Ne4 
Qc7 16. dxc5 Bxb2 17. Nxb2 
Nxc5 18. Nxc5 Qxc5 19. Nc4
Nc3 20.
Qe1 Ba6 
21. Qe5 Qxe5 22. Nxe5 Bxf1 
23. Kxf1 Rbc8 24. Bb7 Rc7
25. a6 
Rd8 26. Ke1 Rd6 27. f4 
Rc5 28. Nd3 Rh5 29. h4
Re6+ 30. Kf1 Re3 31. Nxb4
Rxg3 32.
Kf2 Rh3 
33. Nc6 R5xh4 34. Nxa7 Rxf4+ 
35. Kg2 Rh5 36. Re1 Rg5+
37. Kh3 
f5 38. Re3 Ne2 0-1

[Event "Zagreb open 2019."]
[Site "Zagreb, Croatia"]
[Date "2019.12.08"]
[Round "3.10"]
[White "Kukurin, Luka"]
[Black "Nguyen, Piotr"]
[Result "1/2-1/2"]
[WhiteElo "2042"]
[BlackElo "2413"]

1. e4 g6 2. d4 Bg7 
3. Nc3 d6 4. Be2 Nf6
5. Nf3 
O-O 6. O-O c6 7. Re1 
Qc7 8. Bf4 Nbd7 9. e5
Nh5 10.
Bg5 dxe5 11. Nxe5 Nxe5 
12. Bxh5 gxh5 13. dxe5 Bg4
14. Qd4 
Rad8 15. Qf4 f6 1/2-1/2

[Event "Zagreb open 2019."]
[Site "Zagreb, Croatia"]
[Date "2019.12.08"]
[Round "3.11"]
[White "Ivekovic, Bozidar"]
[Black "Jurkovic, Ante"]
[Result "1-0"]
[WhiteElo "2406"]
[BlackElo "2274"]

1. Nf3 d6 2. d4 Nf6 
3. c4 Bg4 4. Nc3 Nbd7
5. e4 
e5 6. Be2 g6 7. O-O 
exd4 8. Nxd4 Bxe2 9. Qxe2
Bg7 10.
Bg5 O-O 
11. Rad1 c6 12. Nf3 Qe7 
13. Qd2 Ne5 14. Nxe5 dxe5
15. Qd6 
Qxd6 16. Rxd6 Nh5 17. Rd7 
Rfb8 18. Rfd1 Nf4 19. Be7
b5 20.
cxb5 cxb5 21. Nd5 Rc8 
22. Nc7 Rab8 23. Na6 Ra8
24. Rb7 
Rc4 25. Rxb5 Rxe4 26. g3 
Ne6 27. b4 Rd4 28. Rb1
Rd7 29.
Bc5 Nd4 
30. Ra5 Rc8 31. Kg2 f5 
32. b5 Ne6 33. b6 axb6
34. Bxb6 Rc2 35. Nb4 
Rcd2 36. Ra8+ Kf7 37. a4
e4 38.
Be3 Rd1 
39. Rxd1 Rxd1 40. Ra7+
Ke8 41.
Nc6 Rd6 
42. Nb4 Bd4 43. Bxd4 Rxd4 
44. Nc6 Rd6 45. Ne5 Rd5
46. Nc4 
Rd7 47. Rxd7 Kxd7 48. f3 
Kc6 49. fxe4 fxe4 50. Kf2
Kc5 51.
Nd2 Kd4 
52. Ke2 Nc5 53. a5 Na6 
54. Nf1 Nc7 55. Ne3 Kc5
56. Ng4 
Nd5 57. Nf2 Kb5 58. Nxe4 
Kxa5 59. Kd3 Kb6 60. Kd4
Kc6 61.
Ke5 Ne3 
62. h3 Kd7 63. Kf6 Nd5+ 
64. Kf7 Kd8 65. Nf6 h5
66. Nxd5 1-0

[ePGN "0.1;DGT LiveChess/2.2.5"]

[Event "Zagreb open 2019."]
[Site "Zagreb, Croatia"]
[Date "2019.12.09"]
[Round "4.1"]
[White "Strikovic, Aleksa"]
[Black "Kozul, Zdenko"]
[Result "1/2-1/2"]
[WhiteElo "2468"]
[BlackElo "2590"]

1. c4 g6 2. Nc3 Bg7 
3. d4 d6 4. e4 Nd7
5. f3 
e5 6. d5 h5 7. Bd3 
a5 8. Nge2 Nc5 9. Bc2
h4 10.
O-O h3 
11. g3 Bh6 12. a3 Bxc1 
13. Rxc1 Nf6 14. b4 Na6
15. Rb1 
axb4 16. axb4 c5 17. dxc6 
bxc6 18. Qd2 Be6 19. Rfd1
Bxc4 20.
Qxd6 Qxd6 21. Rxd6 Nb8 
22. Bb3 Ke7 23. Rdd1 Bxe2
24. Nxe2 Nbd7 25. Nc1 
Rhb8 26. Nd3 Ra3 27. Bc4
Ne8 28.
Ne1 Nf8 
29. Nd3 Nd7 30. Ne1 Nf8 
31. Nd3 Nd7 1/2-1/2

[Event "Zagreb open 2019."]
[Site "Zagreb, Croatia"]
[Date "2019.12.09"]
[Round "4.2"]
[White "Nikolov, Momchil"]
[Black "Ivekovic, Bozidar"]
[Result "1/2-1/2"]
[WhiteElo "2533"]
[BlackElo "2406"]

1. d4 Nf6 2. c4 c5 
3. d5 e6 4. Nc3 exd5
5. cxd5 
d6 6. e4 g6 7. Bd3 
Bg7 8. h3 O-O 9. Nf3
a6 10.
a4 Nh5 
11. O-O Nd7 12. Bg5 Bf6 
13. Be3 Re8 14. Qd2 b6
15. g4 
Ng7 16. Bf4 Ne5 17. Nxe5 
dxe5 18. Be3 h5 19. f3
Be7 20.
Bc4 Bd6 
21. Kg2 Qd7 22. Kh2 Qb7 
23. Be2 Qe7 24. Rg1 Kh7
25. Raf1 Rh8 26. Kg2 
Kg8 27. Rh1 Rh7 28. f4
f5 29.
fxe5 Bxe5 30. exf5 gxf5 
31. g5 Bb7 32. Bf4 Bxf4
33. Qxf4 Ne6 34. Qe5 
Nd4 35. Qxe7 Rxe7 36. Bxh5
b5 37.
Kf2 b4 
38. Ne2 Bxd5 39. Rhg1 Rh7 
40. Nf4 Be4 1/2-1/2

[Event "Zagreb open 2019."]
[Site "Zagreb, Croatia"]
[Date "2019.12.09"]
[Round "4.3"]
[White "Kotronias, Vasilios"]
[Black "Tica, Sven"]
[Result "1/2-1/2"]
[WhiteElo "2506"]
[BlackElo "2396"]

1. e4 g6 2. d4 Bg7 
3. Nc3 a6 4. Be3 b5
5. Qd2 
Bb7 6. f3 d6 7. O-O-O 
Nd7 8. Kb1 Rc8 9. h4
h5 10.
Nh3 c5 
11. dxc5 Nxc5 12. Nf4 Nf6 
13. Nfd5 Bxd5 14. Nxd5 Nxd5
15. exd5 Qc7 16. c3 
Nd7 17. Bd4 Bxd4 18. Qxd4
Nf6 19.
g4 hxg4 
20. fxg4 Qc5 21. g5 Qxd4 
22. Rxd4 Nd7 23. a4 Rc5
24. axb5 axb5 25. Kc2 
Nb6 26. b4 Rxd5 27. Rxd5
Nxd5 28.
Bxb5+ Kd8 29. Kb3 Nf4 
30. Bc6 Kc7 31. Bf3 d5
32. c4 
dxc4+ 33. Kxc4 Kb6 34. Kd4 
f6 35. gxf6 exf6 36. Ke3
Kb5 
1/2-1/2

[Event "Zagreb open 2019."]
[Site "Zagreb, Croatia"]
[Date "2019.12.09"]
[Round "4.5"]
[White "Smith, Bryan"]
[Black "Livaic, Leon"]
[Result "1-0"]
[WhiteElo "2428"]
[BlackElo "2505"]

1. e4 c5 2. Nf3 d6 
3. d4 cxd4 4. Nxd4 Nf6
5. Nc3 
a6 6. h3 e6 7. g4 
h6 8. Bg2 Be7 9. f4
Nc6 10.
Be3 Nd7 
11. O-O Nxd4 12. Qxd4 O-O 
13. Qd2 Rb8 14. Ne2 b5
15. Ng3 
Bb7 16. Rad1 Rc8 17. c3 
Qc7 18. f5 Ne5 19. Bxh6
Bh4 20.
Bxg7 Kxg7 21. Nh5+ Kh7 
22. g5 f6 23. g6+ Kg8
24. g7 
Rf7 25. Qh6 Rxg7 26. Qxg7+ 
Qxg7 27. Nxg7 Kxg7 28. Rxd6
Kf7 29.
Rfd1 Rc7 30. Rd8 Bg5 
31. Rh8 Be3+ 32. Kf1 Ke7
33. Rh7+ Nf7 34. Bf3 
Bc6 35. Ke2 Bc5 36. Bh5
Be8 37.
Bg6 exf5 38. Bxf5 b4 
39. c4 Bd6 40. b3 a5
41. Bg6 
Bc5 42. h4 Kf8 43. h5 
Bb6 44. h6 Nxh6 45. Rxh6
Kg7 46.
Bxe8 Kxh6 47. Rd6 Bc5 
48. Rxf6+ Kg7 49. Rf5 Rc8
50. Bd7 
Rc7 51. Be6 Rc6 52. Bd7 
Rc7 53. Be6 Rc6 54. Bd5 
Rf6 55. Rg5+ Rg6 56. Rf5
Rf6 57.
Kf3 Bd6 
58. Bb7 Bc7 59. Bc8 Kf7 
60. Ke3 Ke7 61. Rh5 Rg6
62. c5 
Rg2 63. Rh7+ Kd8 64. Bh3 
Rh2 65. c6 Bb6+ 66. Kd3
Bc7 67.
Kc4 Bf4 
68. Kb5 Rc2 69. Bf5 Be5 
70. Kb6 a4 71. Rd7+ Ke8
72. c7 
Bxc7+ 73. Rxc7 Rxa2 74. bxa4 
b3 75. a5 b2 76. e5
Ra3 77.
Rc5 Rf3 
78. Bg6+ 1-0

[Event "Zagreb open 2019."]
[Site "Zagreb, Croatia"]
[Date "2019.12.09"]
[Round "4.6"]
[White "Rudolf, Michal"]
[Black "Kovacevic, Blazimir"]
[Result "1/2-1/2"]
[WhiteElo "2328"]
[BlackElo "2453"]

1. e4 e6 2. d4 d5 
3. exd5 exd5 4. Nf3 Bd6
5. c4 
Nf6 6. c5 Be7 7. Bd3 
O-O 8. O-O b6 9. Be3
Ne4 10.
Nbd2 Bf5 11. cxb6 cxb6 
12. Ne5 Nxd2 13. Qxd2 Bxd3
14. Qxd3 f6 15. Nf3 
Nc6 1/2-1/2

[Event "Zagreb open 2019."]
[Site "Zagreb, Croatia"]
[Date "2019.12.09"]
[Round "4.7"]
[White "Sai Agni Jeevitesh, J"]
[Black "Janzelj, Tim"]
[Result "0-1"]
[WhiteElo "2301"]
[BlackElo "2446"]

1. Nf3 f5 2. d3 Nf6 
3. e4 d6 4. Nc3 Nc6
5. exf5 
Bxf5 6. d4 Qd7 7. d5 
Nb4 8. Nd4 Nbxd5 9. Nxd5
Nxd5 10.
Qf3 Be6 
11. Bc4 c6 12. Nxe6 Qxe6+ 
13. Be3 Qf7 14. Qe2 e6 
15. Bxd5 cxd5 16. O-O-O a6
17. Bg5 
h6 18. Bd2 Be7 19. Rhe1 
Kd7 20. Bc3 Rhc8 21. Rd3
Rc4 22.
Rf3 Rf4 
23. Rxf4 Qxf4+ 24. Kb1
e5 25.
Qd3 d4 
26. Qh3+ Kc6 27. Ba5 b6 
28. Bb4 a5 29. Ba3 Qxf2
30. Rc1 
Rf8 31. Qg4 Qf5 32. Qxg7 
Bg5 33. g4 Qf1 34. b3
Bxc1 35.
Bxc1 d3 
36. Qxh6 Qd1 37. cxd3 Rf2 
0-1

[Event "Zagreb open 2019."]
[Site "Zagreb, Croatia"]
[Date "2019.12.09"]
[Round "4.8"]
[White "Bertok, Mario Jr."]
[Black "Lalic, Bogdan"]
[Result "1/2-1/2"]
[WhiteElo "2055"]
[BlackElo "2414"]

1. c4 c5 2. g3 Nc6 
3. Bg2 g6 4. Nc3 Bg7
5. e3 
d6 6. Nge2 e5 7. O-O 
Nge7 8. d3 O-O 9. Nd5
Nxd5 10.
cxd5 Ne7 11. Nc3 Rb8 
12. a4 f5 13. f4 exf4
14. gxf4 Kh8 15. Bd2 
Ng8 16. Rb1 Nf6 17. b4
cxb4 18.
Rxb4 b6 
19. Nb5 Bb7 20. e4 fxe4 
21. dxe4 1/2-1/2

[Event "Zagreb open 2019."]
[Site "Zagreb, Croatia"]
[Date "2019.12.09"]
[Round "4.11"]
[White "Liu, Zhaoqi"]
[Black "Kukurin, Luka"]
[Result "1-0"]
[WhiteElo "2380"]
[BlackElo "2042"]

1. c4 e5 2. Nc3 Nf6 
3. Nf3 Nc6 4. e4 Bc5
5. Nxe5 
Nxe5 6. d4 Bb4 7. dxe5 
Nxe4 8. Qf3 Nxc3 9. bxc3
Be7 10.
Qg3 Kf8 
11. Be2 b6 12. Bf4 Ba6 
13. Rd1 Qe8 14. O-O Rd8
15. h4 
h5 16. Rfe1 Bc5 17. Bg5 
Be7 18. e6 f6 19. exd7
Rxd7 20.
Bf4 Rxd1 21. Rxd1 Qc6 
22. Bxc7 Bxc4 23. Bf3 Qe6
24. Bd8 
Rg8 25. Qc7 Kf7 26. Bxe7 
Rc8 27. Qb7 1-0

[ePGN "0.1;DGT LiveChess/2.2.5"]

[Event "Zagreb open 2019."]
[Site "Zagreb, Croatia"]
[Date "2019.12.11"]
[Round "6.3"]
[White "Nikolov, Momchil"]
[Black "Tica, Sven"]
[Result "1-0"]
[WhiteElo "2533"]
[BlackElo "2396"]

1. d4 d5 2. c4 e6 
3. Nc3 Nf6 4. cxd5 exd5
5. Bg5 
c6 6. e3 Be6 7. Bd3 
Nbd7 8. Nge2 h6 9. Bf4
g5 10.
Bg3 Nh5 
11. Qc2 Nxg3 12. Nxg3 h5 
13. O-O-O h4 14. Nf5 Qc7
15. g4 
O-O-O 16. h3 Kb8 17. Kb1 
Nb6 18. Rc1 Bxf5 19. Bxf5
Bd6 20.
Bd3 Rhe8 21. Na4 Nxa4 
22. Qxa4 Qb6 23. Rc3 Qb4
24. Qc2 
Rc8 25. Rc1 Rc7 26. a3 
Qa5 27. Bf1 Rcc8 28. Bg2
Qd8 29.
Qf5 Rc7 
30. R1c2 Re6 31. Qd3 Rd7 
32. Rb3 Bc7 33. Bf1 Bb6
34. Qd1 
Rc7 35. Bd3 c5 36. dxc5 
Bxc5 37. Qf3 f6 38. Rb5
b6 39. Rb3 a5 40. Bf1 d4
41. Bg2 
Ka7 42. exd4 Re1+ 43. Ka2 
a4 44. dxc5 axb3+ 45. Qxb3
bxc5 46.
Rxc5 1-0

[Event "Zagreb open 2019."]
[Site "Zagreb, Croatia"]
[Date "2019.12.11"]
[Round "6.6"]
[White "Drnovsek, Gal"]
[Black "Janzelj, Tim"]
[Result "1-0"]
[WhiteElo "2388"]
[BlackElo "2446"]

1. c4 e6 2. d4 d5 
3. Nc3 c6 4. cxd5 exd5
5. Bf4 
Bd6 6. Bxd6 Qxd6 7. e3 
Ne7 8. Bd3 Bf5 9. Nge2
O-O 10.
O-O Nd7 
11. f3 Qh6 12. Qd2 Rad8 
13. Rae1 Rfe8 14. Ng3 Bg6
15. b4 
Nb6 16. Bxg6 hxg6 17. Qd3 
g5 18. b5 Qd6 19. bxc6
bxc6 20.
f4 gxf4 
21. exf4 Nd7 22. f5 Nf6 
23. Na4 Nc8 24. Nc5 Qc7
25. Qd2 
Nd6 26. Qf4 Rxe1 27. Rxe1 
Qa5 28. Re7 Qxa2 29. h3
a5 30.
Kh2 Nde8 31. Ra7 Qc4 
32. Qe5 Rc8 33. Qe7 Qxd4
34. Qxf7+ Kh8 35. Ne6 
Qe5 36. Nxg7 Nc7 37. N7h5
Nxh5 38.
Qxh5+ Kg8 39. Qg6+ Qg7 
40. Qxc6 Kh8 41. f6 Qf7
42. Nf5 
Qe6 43. Qxe6 Nxe6 44. Re7 
Nf4 45. f7 Rf8 46. Re8
Ng6 47.
Ne7 Kg7 
48. Nxg6 Rxf7 49. Ne5 Ra7 
50. Rd8 a4 51. Rxd5 a3
52. Rd1 
Kf6 53. Nc6 Ra4 54. Rd4 
Ra6 55. Nb4 Ke5 56. Rd2
Ra4 57.
Ra2 Rxb4 58. Rxa3 Kf4 
59. Rg3 Rb1 60. Rg4+ Kf5
61. Rg8 
Kf6 62. h4 Kf7 63. Ra8 
Kg6 64. Ra5 Rb3 65. g3
Rb1 66.
Kh3 Rb4 
67. Ra6+ Kg7 68. h5 Kh7 
69. g4 Kg7 70. Kh4 Kh7
71. h6 
Rb1 72. Kh5 Rb5+ 73. g5 
Rc5 74. Ra7+ Kg8 75. Re7
Ra5 76.
Kg6 Ra6+ 77. Kf5 Ra5+ 
78. Kf6 Ra6+ 79. Re6 Ra8
80. g6 
Rf8+ 81. Kg5 Ra8 82. h7+ 
Kg7 83. Re7+ Kh8 84. Kh6
1-0

[Event "Zagreb open 2019."]
[Site "Zagreb, Croatia"]
[Date "2019.12.11"]
[Round "6.8"]
[White "Sai Agni Jeevitesh, J"]
[Black "Stany, G.A."]
[Result "1/2-1/2"]
[WhiteElo "2301"]
[BlackElo "2526"]

1. Nf3 d5 2. e3 Nf6 
3. c4 e6 4. Nc3 Bd6
5. b3 
Nbd7 6. Bb2 O-O 7. Qc2 
a6 8. d4 b6 9. cxd5
exd5 10.
g3 Bb7 
11. Bg2 Re8 12. O-O
Qe7 13.
Rac1 Rad8 14. Qe2 Nf8 
15. Ne5 Ne6 16. Rfd1 c5
17. Nf3 
b5 18. dxc5 Bxc5 19. Nb1 
d4 20. exd4 Bxf3 21. Bxf3
Bxd4 22.
Bxd4 Nxd4 23. Qxe7 Rxe7 
24. Kg2 Red7 25. Nc3 Nxf3
26. Kxf3 Kf8 27. Rxd7 
Rxd7 28. Rd1 Rxd1 29. Nxd1
Ke7 30.
Ke2 Kd6 
31. b4 Kd5 32. Kd3 Ng4 
33. Nc3+ Ke6 34. Ne4 f5
35. Nc5+ Kd5 36. Nxa6 
Nxf2+ 37. Kc3 Ne4+ 38. Kb3
Kc6 39.
a4 bxa4+ 40. Kxa4 Kb6 
41. Nb8 g5 42. Nd7+ Kc6
43. Nf8 
h6 44. b5+ Kd5 45. Ng6 
Nd6 46. Kb4 Ke4 47. Kc5
Nxb5 48.
Kxb5 f4 
49. gxf4 gxf4 50. Nxf4 Kxf4 
1/2-1/2

[Event "Zagreb open 2019."]
[Site "Zagreb, Croatia"]
[Date "2019.12.11"]
[Round "6.10"]
[White "Cvitan, Ognjen"]
[Black "Peng, Hongchi"]
[Result "1/2-1/2"]
[WhiteElo "2488"]
[BlackElo "2271"]

1. d4 f5 2. g3 Nf6 
3. Bg2 g6 4. Nf3 Bg7
5. O-O 
O-O 6. b3 b6 7. Ne5 
c6 8. Bb2 Bb7 9. Nd2
d6 10.
Nd3 Qc8 
11. c4 c5 12. d5 e5 
13. e4 Nxe4 14. Nxe4 fxe4
15. Bxe4 Na6 16. f4 
exf4 17. Bxg7 Kxg7 18. Nxf4
Nc7 19.
Qd3 Qg4 
20. Qc3+ Kg8 21. Bg2 Qg5 
22. Rae1 Rae8 23. h4 Qh6
24. Bh3 
Qg7 25. Qd2 Bc8 26. Bxc8 
Rxc8 27. Ne6 Rxf1+ 28. Kxf1
Qf7+ 29.
Kg2 Re8 
30. Nxc7 Rxe1 31. Qxe1 Qxc7 
32. Qe6+ Kg7 33. g4 Qd8
34. g5 
h6 35. gxh6+ Kxh6 36. Kg3 
Kg7 37. Kg4 Qf8 38. h5
gxh5+ 
39. Kg5 Qd8+ 40. Kxh5 Qh8+ 
41. Kg4 Qd8 42. Qf5 Qf6
43. Qg5+ Kf7 44. Qf5 
Kg7 45. Qg5+ Kf7 1/2-1/2

[Event "Zagreb open 2019."]
[Site "Zagreb, Croatia"]
[Date "2019.12.11"]
[Round "6.11"]
[White "Pandurevic, Miro"]
[Black "Nguyen, Piotr"]
[Result "0-1"]
[WhiteElo "2227"]
[BlackElo "2413"]

1. c4 g6 2. g3 Bg7 
3. Bg2 f5 4. Nc3 Nf6
5. d3 
Nc6 6. Rb1 O-O 7. b4 
e5 8. Nd5 Nd4 9. e3
Ne6 10.
Ne2 Nh5 
11. f4 c6 12. Ndc3 exf4 
13. exf4 Nf6 14. O-O a6
15. Kh1 
d5 16. cxd5 cxd5 17. Qb3 
d4 18. Nd5 Kh8 19. Bb2
Nxd5 20.
Qxd5 Qb6 21. Rfc1 Rd8 
22. Qb3 Bd7 23. a4 Bc6
24. Bxc6 bxc6 25. Rc4 
c5 26. Kg1 Re8 27. Ba3
Rab8 28.
Qd1 Bf8 
29. Bb2 cxb4 30. Rbc1 Qd6 
31. Qb3 Bg7 32. Rc6 Qe7
33. R1c2 a5 34. Kf1 
Qd7 35. Ng1 g5 36. fxg5
Nxg5 37.
Rc7 Qe6 
38. Qxe6 Nxe6 39. Ra7 Rbc8 
40. Re2 Nc5 41. Rxe8+ Rxe8
42. Nf3 
b3 43. Ba3 Nxd3 44. Rb7 
Bf6 45. Rxb3 Re3 46. Rb8+
Kg7 47.
Ng1 Re1+ 48. Kg2 Ra1 
49. Bf8+ Kf7 50. Nf3 Ra2+
51. Kg1 
Rxa4 52. Bh6 Ra1+ 53. Kg2 
Ra2+ 54. Kg1 Ra1+ 55. Kg2
a4 56.
Rb7+ Kg6 57. Bd2 Ra2 
58. Kf1 Nc5 59. Rb6 Ne4
60. Be1 
Kf7 61. Rb7+ Ke6 62. Rxh7 
d3 63. Ra7 Ra1 64. Ra6+
Kd5 65.
Kg2 a3 
66. Ra5+ Kc4 67. Rxf5 a2 
68. Ra5 Rxe1 69. Ra4+ Kb3
70. Rxa2 Kxa2 71. Nxe1 
d2 0-1

[ePGN "0.1;DGT LiveChess/2.2.5"]

[Event "Zagreb open 2019."]
[Site "Zagreb, Croatia"]
[Date "2019.12.12"]
[Round "7.3"]
[White "Kovacevic, Blazimir"]
[Black "Kotronias, Vasilios"]
[Result "1/2-1/2"]
[WhiteElo "2453"]
[BlackElo "2506"]

1. d4 Nf6 2. Nf3 g6 
3. Nbd2 Bg7 4. e4 d6
5. Bd3 
O-O 6. O-O Nc6 7. c3 
e5 8. Re1 a5 9. a4 exd4
10. cxd4 Nb4 11. Bb1 
Re8 12. h3 Bd7 13. Ra3
Bc6 14.
d5 Bd7 
15. Nc4 Qb8 16. Bd2 b5 
17. axb5 Qxb5 18. Qb3 Reb8 
19. Nxa5 Rxa5 20. Qxb4 Qxb4
21. Bxb4 Ra4 22. Rxa4 
Bxa4 23. Bc3 Nd7 24. Nd4
Nc5 25.
Rc1 Bxd4 26. Bxd4 Nb3 
1/2-1/2

[Event "Zagreb open 2019."]
[Site "Zagreb, Croatia"]
[Date "2019.12.12"]
[Round "7.4"]
[White "Enchev, Ivajlo"]
[Black "Drnovsek, Gal"]
[Result "1-0"]
[WhiteElo "2482"]
[BlackElo "2388"]

1. d4 Nf6 2. c4 e6 
3. Nf3 d5 4. g3 Be7
5. Bg2 
O-O 6. O-O dxc4 7. Ne5 
c5 8. dxc5 Qc7 9. Nxc4
Rd8 10.
Qb3 Nc6 
11. Be3 Nd4 12. Bxd4 Rxd4 
13. Nbd2 Bxc5 14. Rac1 Rd8
15. Ne4 
Nxe4 16. Bxe4 g6 17. Rc2 
Bf8 18. f4 Qc5+ 19. e3
Rb8 20.
Rfc1 Bd7 21. Ne5 Qb4 
22. Qxb4 Bxb4 23. Rd1 Bb5
24. Rxd8+ Rxd8 25. Bxb7 
f6 26. Nf3 Bd3 27. Rc7
Bd6 28.
Rc1 Kf7 
29. Nd4 Rb8 30. Nc6 Be4 
31. Nxb8 Bxb7 32. Nc6 1-0

[Event "Zagreb open 2019."]
[Site "Zagreb, Croatia"]
[Date "2019.12.12"]
[Round "7.5"]
[White "Livaic, Leon"]
[Black "Bukal, Vladimir Jr."]
[Result "1-0"]
[WhiteElo "2505"]
[BlackElo "2393"]

1. d4 d5 2. c4 Nc6 
3. Nc3 Nf6 4. Nf3 dxc4
5. Bg5 
h6 6. Bh4 a6 7. d5 
Na7 8. e4 b5 9. e5
b4 10.
Qa4+ Qd7 11. Qxb4 Nxd5 
12. Nxd5 Qxd5 13. Bxc4 e6
14. Qxf8+ Rxf8 15. Bxd5 
exd5 16. Rc1 c6 17. O-O
Rb8 18.
b3 Rb4 
19. Rfd1 Re4 20. h3 Be6 
21. Bg3 Re2 22. a4 Rb2
23. Nd4 
g5 24. f3 Kd7 25. Bf2 
Ra8 26. Rc3 Kc7 27. Ra1
1-0

[Event "Zagreb open 2019."]
[Site "Zagreb, Croatia"]
[Date "2019.12.12"]
[Round "7.7"]
[White "Pavic, Filip"]
[Black "Rudolf, Michal"]
[Result "1/2-1/2"]
[WhiteElo "2238"]
[BlackElo "2328"]

1. e4 c6 2. d4 d5 
3. e5 c5 4. dxc5 e6
5. Be3 
Nd7 6. Bb5 Ne7 7. c3 
a6 8. Ba4 Nf5 9. Bd4
Qc7 10.
b4 Be7 
11. Nf3 O-O 12. Bc2 b6 
13. cxb6 Nxb6 14. Nbd2 a5
15. b5 
Nxd4 16. cxd4 Bd7 17. a4 
Rac8 18. Ra2 f5 19. exf6
Bxf6 20.
Qe2 Qc3 
21. O-O g6 22. Re1 Bxd4 
23. Nxd4 Qxd4 24. Nf3 Qf6
25. Ne5 
Kg7 26. Bd3 Rc7 27. Qe3 
Rb7 28. g3 Bc8 29. Ng4
Qe7 30.
Qd4+ Kf7 31. Ne5+ Kg8 
32. Nc6 Qg7 33. Qxg7+ Kxg7
34. Nxa5 Ra7 35. Nc6 
Rxa4 36. Rxa4 Nxa4 37. Ne5
Bb7 
1/2-1/2

[Event "Zagreb open 2019."]
[Site "Zagreb, Croatia"]
[Date "2019.12.12"]
[Round "7.8"]
[White "Stany, G.A."]
[Black "Peng, Hongchi"]
[Result "1-0"]
[WhiteElo "2526"]
[BlackElo "2271"]

1. e4 c5 2. Nf3 d6 
3. d4 cxd4 4. Nxd4 Nf6
5. Nc3 
a6 6. Be2 e5 7. Nb3 
Be7 8. O-O O-O 9. Kh1
b6 10.
Be3 Bb7 
11. f3 b5 12. a4 b4 
13. Nd5 Nxd5 14. exd5 Nd7
15. c3 
bxc3 16. bxc3 Bg5 17. Bf2 
Qc7 18. c4 a5 19. Nd2
f5 20.
Nb1 Nf6 
21. Nc3 e4 22. Bd4 exf3 
23. Rxf3 Ne4 24. Nxe4 fxe4
25. Rg3 
Qe7 26. c5 dxc5 27. d6 
Qf7 28. Rxg5 cxd4 29. Qxd4
Ba6 30.
Bg4 Qf1+ 31. Rxf1 Rxf1+ 
32. Qg1 Rxg1+ 33. Kxg1 e3
34. Rxa5 Rb8 35. h3 
Bc8 36. Rb5 Ra8 37. d7
Bxd7 38.
Bxd7 Kf7 39. Re5 Rd8 
40. Bb5 1-0

[Event "Zagreb open 2019."]
[Site "Zagreb, Croatia"]
[Date "2019.12.12"]
[Round "7.10"]
[White "Janzelj, Tim"]
[Black "Zhou, Guijue"]
[Result "1-0"]
[WhiteElo "2446"]
[BlackElo "2238"]

1. e4 c5 2. Nf3 a6 
3. c3 d5 4. exd5 Qxd5
5. d4 
e6 6. Be2 Nf6 7. O-O 
Nc6 8. Be3 cxd4 9. Nxd4
e5 10.
c4 Qd6 
11. Nb3 Bf5 12. Nc3 O-O-O 
13. Qc1 Qe6 14. Bb6 Re8
15. Nd5 
Bd6 16. Rd1 Be4 17. Qe3 
Bxd5 18. cxd5 Nxd5 19. Qe4
Nce7 20.
Bc4 Bb4 
21. Bc5 1-0

[Event "Zagreb open 2019."]
[Site "Zagreb, Croatia"]
[Date "2019.12.13"]
[Round "8.1"]
[White "Enchev, Ivajlo"]
[Black "Kozul, Zdenko"]
[Result "1/2-1/2"]
[WhiteElo "2482"]
[BlackElo "2590"]

1. d4 Nf6 2. c4 g6 
3. Nc3 Bg7 4. e4 d6
5. Nf3 
O-O 6. Be2 e5 7. O-O 
Nc6 8. dxe5 dxe5 9. Bg5
Bg4 10.
Qxd8 Nxd8 11. Bxf6 Bxf6 
12. Nd5 Bxf3 13. Bxf3 Bg5
14. Nxc7 Rc8 15. Nb5 
Rxc4 16. Nxa7 Ne6 17. Nb5
Rb4 18.
Nc3 Rxb2 19. Rab1 Rxb1 
20. Rxb1 Rc8 21. Nd5 Rc2
22. a4 
Nc5 23. g3 Kf8 24. h4 
Rc1+ 25. Rxc1 Bxc1 26. Bd1
Nxe4 27.
Bc2 Nc5 
28. g4 h6 29. Kg2 Bd2 
30. Nf6 Bb4 31. h5 gxh5
32. gxh5 Ne6 33. Be4 
Nc5 34. Bc2 Ba5 35. Ng4
Ne6 36.
Nxe5 Bc7 37. Nd3 Ke7 
38. Bd1 b6 39. Kf3 Bd6
1/2-1/2

[Event "Zagreb open 2019."]
[Site "Zagreb, Croatia"]
[Date "2019.12.13"]
[Round "8.5"]
[White "Drnovsek, Gal"]
[Black "Stany, G.A."]
[Result "1/2-1/2"]
[WhiteElo "2388"]
[BlackElo "2526"]

1. Nf3 Nf6 2. c4 g6 
3. b3 Bg7 4. Bb2 O-O
5. g3 
a5 6. Bg2 c6 7. O-O 
d5 8. d3 Na6 9. Nbd2
a4 10.
cxd5 cxd5 11. bxa4 Nc5 
12. Bd4 Nxa4 13. Qb3 b6
14. Rfc1 Bb7 15. Qb4 
e6 16. Rab1 Ra6 17. Nb3
Re8 18.
Ba1 Ba8 
19. Rc2 Nc5 20. Qb5 Qc8 
21. Nxc5 bxc5 22. Rxc5 Bc6
23. Qb2 
Qa8 24. Rc2 Ba4 25. Rc7 
Bc6 26. Qc1 d4 27. Rxf7
Rc8 28.
Rxg7+ Kxg7 29. Qf4 Rxa2 
30. Bxd4 Rf8 31. g4 Rxe2
32. g5 
e5 33. Bxe5 Rxe5 34. gxf6+ 
Rxf6 35. Qxe5 Bxf3 36. Rc1
g5 37.
Rc7+ Kg6 38. h4 gxh4 
39. Qe7 Qg8 40. Bxf3 Rxf3
41. Qxh4 h5 42. Qe4+ 
Rf5 43. Kf1 Qf8 44. Rb7
Kh6 45.
Qe3+ Kg6 46. Qg3+ Kh6 
47. Qe3+ Kg6 48. Rb6+ Kh7
49. Qe4 
Kh8 50. Qd4+ Kh7 51. Qe3 
Qg7 52. d4 Qf8 53. Rc6
Rf3 54.
Rc7+ Kg6 55. Qe6+ Kg5 
56. Qe5+ Kh4 57. Qh2+ Rh3
58. Qe5 
Rf3 59. Qe2 Qf5 60. Rc5 
Qh3+ 61. Ke1 Qg4 62. Re5
Qg1+ 63.
Qf1 Qxf1+ 64. Kxf1 Ra3 
65. d5 Kg4 66. Re3 Ra7
67. Kg2 
Rd7 68. Re5 Kf4 69. Rxh5 
Kg4 70. Re5 Kf4 71. Re3
1/2-1/2

[Event "Zagreb open 2019."]
[Site "Zagreb, Croatia"]
[Date "2019.12.13"]
[Round "8.6"]
[White "Plenca, Jadranko"]
[Black "Loncar, Robert"]
[Result "1-0"]
[WhiteElo "2453"]
[BlackElo "2389"]

1. e4 e5 2. Nf3 d6 
3. d4 exd4 4. Nxd4 g6
5. Nc3 
Bg7 6. Be3 Nc6 7. Bb5 
Bd7 8. Nxc6 bxc6 9. Ba4
Nf6 10.
Qd2 O-O 
11. f3 Rb8 12. Bb3 a5 
13. g4 Be6 14. O-O-O Nd7
15. Bh6 
Bxh6 16. Qxh6 Bxb3 17. axb3 
Qf6 18. h4 Ne5 19. Rdf1
Rb4 20.
Qd2 Rfb8 21. g5 Qe7 
22. f4 Nd7 23. h5 a4
24. Nxa4 Qxe4 25. hxg6 
fxg6 26. f5 gxf5 27. g6
hxg6 28.
Nc3 Qd4 
29. Qg2 Ne5 30. Qg5 Rf8 
31. Qh6 Kf7 32. Qh7+ Ke6
33. Re1 
Kf6 34. Rhf1 Rf7 35. Qh8+ 
Ke7 36. Qc8 Qa7 37. Qg8
Qa1+ 38.
Nb1 Rg4 
39. Rh1 Qa5 40. Nc3 Qa1+ 
41. Nb1 Re4 42. Rxe4 fxe4
43. Qh8 
Nf3 44. Qc8 Qa7 45. Nc3 
d5 46. Rh8 Qg1+ 47. Nd1
Qg5+ 48.
Kb1 Kd6 
49. Nc3 Ne5 50. b4 Qf5 
51. Rd8+ Nd7 52. Na4 Qf1+
53. Ka2 
Qc4+ 54. Ka3 Qxc2 55. Rxd7+ 
Rxd7 56. Nc5 Re7 57. Qd8+
Ke5 58.
Qxe7+ Kd4 59. Qxc7 Qd1 
60. Qxc6 Qf3+ 61. Nb3+ Ke5
62. Qe8+ Kf4 63. b5 
Qd3 64. Qf7+ Ke3 65. Qxg6
Kf2 66.
Qf6+ Kg2 67. Qg7+ Kf1 
68. Qf6+ Kg2 69. Qg5+ Kf3
70. Qd2 
Qxd2 71. Nxd2 Kf2 72. Nb3 
e3 73. Nd4 e2 74. Nxe2
Kxe2 75.
b6 1-0